<?xml version="1.0" encoding="UTF-8"?>
<marc:record xmlns:marc="http://www.loc.gov/MARC21/slim">
   <marc:leader>00000nam a2200000 a 4500</marc:leader>
   <marc:datafield ind1="1" ind2=" " tag="100">
      <marc:subfield code="a">Dave, Laura</marc:subfield>
      <marc:subfield code="4">aut</marc:subfield>
      <marc:subfield code="e">Verfasser/-in</marc:subfield>
   </marc:datafield>
   <marc:datafield ind1="0" ind2="0" tag="245">
      <marc:subfield code="a">Ein wunderbares Jahr</marc:subfield>
   </marc:datafield>
   <marc:datafield ind1="0" ind2="0" tag="245">
      <marc:subfield code="b">Roman</marc:subfield>
   </marc:datafield>
   <marc:datafield ind1=" " ind2="1" tag="264">
      <marc:subfield code="a">[s.l.]</marc:subfield>
      <marc:subfield code="b">Blanvalet</marc:subfield>
      <marc:subfield code="c">2015</marc:subfield>
   </marc:datafield>
   <marc:datafield ind1=" " ind2=" " tag="250">
      <marc:subfield code="a">1. Aufl.</marc:subfield>
   </marc:datafield>
   <marc:datafield ind1="1" ind2=" " tag="520">
      <marc:subfield code="a">Giorgia Ford steht kurz davor, den Mann ihrer Träume zu heiraten. Es ist fast zu schön, um wahr zu sein. Bis ihre Welt plötzlich zerbricht - ausgerechnet in dem Moment, in dem sie ihr Brautkleid anprobiert. Kurzentschlossen steigt Giorgia in ihr Auto und fährt an den einen Ort, an dem sie sich geborgen fühlt: auf das Weingut ihrer Familie im Hinterland Kaliforniens. Doch dort schmieden Giorgias Eltern abwegige Zukunftspläne, die ihren Weinberg bedrohen. Giorgia muss um die heile Welt ihrer Kindheit kämpfen - und entdeckt dabei, dass sich das Glück manchmal dort versteckt, wo man es schon lange nicht mehr gesucht hat ...     Laura Dave hat  bereits einige international erfolgreiche Romane veröffentlicht. Darüber hinaus schreibt sie für namhafte Zeitungen und Magazine, wie zum Beispiel The New York Times, Oprah Magazine und Glamour. Cosmopolitan kürte sie zur 'Witzigsten und furchtlosesten Erzählerin des Jahres'. Ein wunderbares Jahr ist Laura Daves Debüt in deutscher Sprache.</marc:subfield>
   </marc:datafield>
   <marc:datafield ind1=" " ind2=" " tag="020">
      <marc:subfield code="a">9783734101564</marc:subfield>
      <marc:subfield code="9">9783734101564</marc:subfield>
   </marc:datafield>
   <marc:datafield ind1=" " ind2=" " tag="041">
      <marc:subfield code="a">ger</marc:subfield>
   </marc:datafield>
   <marc:datafield ind1=" " ind2=" " tag="300">
      <marc:subfield code="a">348 S.</marc:subfield>
   </marc:datafield>
</marc:record>
